Catálogo

ONCOLOGIA GINECOLOGICA : (Registro nro. 38060)

Detalles MARC
000 -LEADER
fixed length control field 00987nam a2200205 a 4500
001 - CONTROL NUMBER
control field 38060
005 - DATE AND TIME OF LATEST TRANSACTION
control field 20180714011218.0
008 - FIXED-LENGTH DATA ELEMENTS--GENERAL INFORMATION
fixed length control field 140415s1998 mx 000 0 spa d
020 ## - INTERNATIONAL STANDARD BOOK NUMBER
International Standard Book Number 9701017765
041 ## - LANGUAGE CODE
Language code of text/sound track or separate title spa
082 ## - DEWEY DECIMAL CLASSIFICATION NUMBER
Classification number 616.99465
Item number ONC
245 00 - TITLE STATEMENT
Title ONCOLOGIA GINECOLOGICA :
Remainder of title DIAGNOSTICO Y TRATAMIENTO
250 ## - EDITION STATEMENT
Edition statement 1a ed.
260 ## - PUBLICATION, DISTRIBUTION, ETC.
Place of publication, distribution, etc. MEXICO :
Name of publisher, distributor, etc. MCGRAW-HILL INTERAMERICANA EDITORES,
Date of publication, distribution, etc. 1998
300 ## - PHYSICAL DESCRIPTION
Extent 600
Dimensions x 22 x 28
520 ## - SUMMARY, ETC.
Summary, etc. DESDE EL PUNTO DE VISTA CLÍNICO Y DE INVESTIGACIÓN, ESTA OBRA INCLUYE TEMAS QUE COMETEN A TODAS LAS ÁREAS DE LA GINECOLOGÍA ONCOLÓGICA. LA CARACTERÍSTICA MÁS IMPORTANTE, ES EL ABORDAJE EQUILIBRADO QUE HACE TANTO DEL PRONÓSTICO DE LA ENFERMDAD COMO DE SU TRATAMIENTO, UN ASPECTO QUE LA CONVIERTE EN TECTO PARA CUBRIR UN HUECO EN LA ENSEÑANZA DE ESTA ESPECIALIDAD.
650 14 - SUBJECT ADDED ENTRY--TOPICAL TERM
Topical term or geographic name entry element GINECOLOGIA
General subdivision ONCOLOGIA
700 1# - ADDED ENTRY--PERSONAL NAME
Personal name FLORES FLORES, GUILLERMO
Relator term tr.
740 ## - ADDED ENTRY--UNCONTROLLED RELATED/ANALYTICAL TITLE
Uncontrolled related/analytical title GYNECOLOGIC ONCOLOGY:CURRENT DIAGNOSIS AND TREATMENT
Existencias
Withdrawn status Lost status Source of classification or shelving scheme Damaged status Not for loan Collection code Home library Current library Shelving location Date acquired Source of acquisition Inventory number Total Checkouts Full call number Barcode Date last seen Date last checked out Price effective from Koha item type
    Dewey Decimal Classification     General Biblioteca Karol Wojtyla Biblioteca Karol Wojtyla Sala general 03/12/2013 Compra 151000000000000000008840   616.99465 ONC 57272 05/01/2026 16/01/2017 03/12/2013 Libro
    Dewey Decimal Classification     General Biblioteca Karol Wojtyla Biblioteca Karol Wojtyla Sala general 03/12/2013 Compra 151000000000000000008839   616.99465 ONC 1998 57271 05/01/2026   15/01/2015 Reserva permanente
    Dewey Decimal Classification     General Biblioteca Karol Wojtyla Biblioteca Karol Wojtyla Sala general 03/12/2013 Compra 151000000000000000008838   616.99465 ONC 1998 57270 07/04/2026   15/01/2015 Reserva permanente
    Dewey Decimal Classification     General Biblioteca Karol Wojtyla Biblioteca Karol Wojtyla Sala general 03/12/2013 Compra 151000000000000000008843 1 616.99465 ONC 1998 58758 05/01/2026 28/08/2018 15/01/2015 Libro
    Dewey Decimal Classification     General Biblioteca Karol Wojtyla Biblioteca Karol Wojtyla Sala general 03/12/2013 Compra 151000000000000000008841   616.99465 ONC 1998 58756 05/01/2026 16/01/2017 15/01/2015 Libro
    Dewey Decimal Classification     General Biblioteca Karol Wojtyla Biblioteca Karol Wojtyla Sala general 03/12/2013 Compra 151000000000000000008842   616.99465 ONC 1998 58757 05/01/2026 16/01/2017 15/01/2015 Libro